Normal view MARC view

Entry Personal Name

Number of records used in: 1

001 - CONTROL NUMBER

  • control field: 943200

003 - CONTROL NUMBER IDENTIFIER

  • control field: OSt

005 - DATE AND TIME OF LATEST TRANSACTION

  • control field: 20260121110208.0

008 - FIXED-LENGTH DATA ELEMENTS

  • fixed length control field: 260121|| aca||aabn | a|a d

040 ## - CATALOGING SOURCE

  • Original cataloging agency: OSt
  • Transcribing agency: OSt

100 ## - HEADING--PERSONAL NAME

  • Personal name: स्वप्निल वर्मा / Swapnil Verma

670 ## - SOURCE DATA FOUND

  • Source citation: Work cat.: (OSt)1534865: स्वप्निल वर्मा / Swapnil Verma, संज्ञानात्मक मनोविज्ञान: सिद्धांत, प्रक्रिया और कार्यप्रणाली / Sangananatmak Manovigyan: Siddhant, Prakriya Aur Kaaryapranali, 2022
Copyright @ Delhi University Library System